00545nam a22001697a 450000500170000001000150001702000300003203500140006203700130007608200060008910000160009524500520011125000090016326000480017227001330022030000220035320211026125403.0 aENG-130073 a978-93-89624-14-4c375.00 aEN-113605 bDBAD/PUB aN aJohnson,A.G aFamily Plot:bA Murder Mystery/cby A.G Johnson a2020 bVishwakarma Publicationsc2020aMaharashtra a34A/1, Suyog Center, 7th floor, Gultekedi Marketyard Road, Giridhar Bhavan Chowk, e411037bPuneminfo@vpindia.co.ink9168682200 a288p.c22cm (pbk)